| 000 | 02313cam a22004698i 4500 | ||
|---|---|---|---|
| 001 | 21099797 | ||
| 003 | NUST | ||
| 005 | 20220607121021.0 | ||
| 006 | m |o d | | ||
| 007 | cr ||||||||||| | ||
| 008 | 190724s2020 nju ob 001 0 eng | ||
| 010 | _a 2019032081 | ||
| 020 |
_a9781119526360 _q(epub) |
||
| 020 |
_a9781119526384 _q(adobe pdf) |
||
| 020 |
_z9781119526346 _q(hardback) |
||
| 038 | _aMuzammil | ||
| 040 |
_aDLC _beng _cDLC _erda |
||
| 042 | _apcc | ||
| 050 | 0 | 0 | _aTK1010 |
| 082 | 0 | 0 |
_a621.3191 _223 _bMAC |
| 100 | 1 |
_aMachowski, Jan, _eauthor. _992034 |
|
| 245 | 1 | 0 |
_aPower system dynamics : _bstability and control / _cJan Machowski, Warsaw University of Technology, Poland, Zbigniew Lubosny, Gdansk University of Technology, Poland, Janusz W. Bialek formerly Durham University and Edinburgh University, UK, James R. Bumby formerly Durham University, UK. |
| 250 | _aThird edition. | ||
| 263 | _a2001 | ||
| 264 | 1 |
_aHoboken, NJ, USA : _bJohn Wiley, _c2020. |
|
| 300 | _a1 online resource | ||
| 336 |
_atext _btxt _2rdacontent |
||
| 337 |
_acomputer _bc _2rdamedia |
||
| 338 |
_aonline resource _bcr _2rdacarrier |
||
| 504 | _aIncludes bibliographical references and index. | ||
| 520 |
_a"This book is the fully revised and updated third edition of Power System Dynamics and Stability. It has been 10 years since the second edition was published and the state of the knowledge in the topic area has progressed. The textbook requires updating and extending. A third edition will include an extension of some chapters and four new chapters"-- _cProvided by publisher. |
||
| 588 | _aDescription based on print version record and CIP data provided by publisher; resource not viewed. | ||
| 650 | 0 |
_aElectric power system stability. _983274 |
|
| 650 | 0 |
_aElectric power systems _xControl. _992035 |
|
| 700 | 1 |
_aLubosny, Zbigniew, _d1961- _eauthor. _992036 |
|
| 700 | 1 |
_aBialek, Janusz W., _eauthor. _992037 |
|
| 700 | 1 |
_aBumby, J. R. _q(James Richard) _eauthor. _992038 |
|
| 776 | 0 | 8 |
_iPrint version: _aMachowski, Jan. _tPower system dynamics _bThird edition. _dHoboken, NJ, USA : John Wiley, 2020. _z9781119526346 _w(DLC) 2019032080 |
| 906 |
_a7 _bcbc _corignew _d1 _eecip _f20 _gy-gencatlg |
||
| 942 |
_2ddc _cBK |
||
| 999 |
_c590139 _d590139 |
||